Zdravotnícke služby našim občanom v zahraničí

Bibliographic Details
Main Author: Kouřil, V. (Author)
Format: Article
Language:Slovak
Subjects:

MARC

LEADER 00000nab a2200000 a 4500
001 vtls000380400
003 SK-MaSNL
005 20260304231925.0
008 111202c1990 xo 0 slo
015 |a SNBRB19rr/mm-uuuuu 
035 |a CL0380522 
040 |a SNKBUCL  |b slo  |c SNKBUCL  |e AACR2 
041 0 |a slo 
044 |a xo  |c SK 
080 |a 36.08:351.77  |2 1981 
080 |a 351.77  |2 1981 
100 1 |a Kouřil, V.  |4 aut  |9 933488 
245 1 0 |a Zdravotnícke služby našim občanom v zahraničí  |c V. Kouřil 
650 0 7 |a pobyt v zahraničí  |2 snkbucl  |9 1566018 
650 0 7 |a zdravotná starostlivosť  |2 snkbucl  |9 1303 
655 7 |a články z novín a časopisov  |2 snkbucl  |9 267496 
773 0 |t Národné poistenie  |g Roč. 22, č. 3 (1990), s. 11 
850 |a Slovenská národná knižnica v Martine  |a MTA001 
852 |a SNK  |b KIS3GCP 
958 |a RK 
992 |a RBX 
999 |c 3191237  |d 3193167